| 000 | 01129cam a2200277 a 4500 | ||
|---|---|---|---|
| 999 |
_c128381 _d128381 |
||
| 001 | 4781306 | ||
| 003 | ARRUPE | ||
| 005 | 20181012120528.0 | ||
| 008 | 861125s1986 sz a b i000 0 eng | ||
| 010 | _a 86226792 | ||
| 020 | _a9221054012 (pbk.) | ||
| 040 |
_aDLC _cDLC _dDLC |
||
| 043 | _af-sj--- | ||
| 050 | 0 | 0 |
_aHC835.Z9 _bF35 1986 |
| 082 | 0 | 0 |
_a363.8/83/09624 _219 |
| 245 | 1 | 0 |
_aAfter the famine : _ba programme of action to strengthen the survival strategies of affected populations : report of the ILO Identification and Programming Mission to the Republic of the Sudan, September 1985. _cedited by Samir Radwan |
| 260 |
_aGeneva : _bInternational Labour Office [for] Republic of the Sudan, _c1986. |
||
| 300 |
_axi, 309 p. : _bill. ; _c24 cm. |
||
| 504 | _aIncludes bibliographical references. | ||
| 650 | 0 |
_aFamines _zSudan. _942926 |
|
| 650 | 0 |
_aRural development _zSudan. _942927 |
|
| 650 | 0 |
_aFood supply _zSudan. _942928 |
|
| 650 | 0 |
_aRural development projects _zSudan. _942929 |
|
| 906 |
_a7 _bcbc _corignew _d3 _encip _f19 _gy-gencatlg |
||
| 942 |
_2lcc _cMONOGRAPH |
||